| 000 | 00350nam a2200145Ia 4500 | ||
|---|---|---|---|
| 008 | 230312s9999||||xx |||||||||||||| ||und|| | ||
| 020 | _a81-317-6090-1 | ||
| 082 |
_a621.313 _bGHO-E |
||
| 100 | _aGhosh;Smarajit | ||
| 245 | 0 | _aElectrical machines | |
| 260 |
_bDorling _aindia _c2012 |
||
| 300 | _a824 | ||
| 650 |
_aEngineering _vAvionics |
||
| 942 | _cBK | ||
| 999 |
_c12458 _d12458 |
||